Szczegóły MARC21

Peter Schlemihls wundersame Geschichte /

003 -Nazwa inst., której nr kontr. jest w polu 001 [,]
    • @
    • Nazwa instytucji, której n kontrolny jest w polu 001
    • NUKAT
005 -DATA I CZAS OSTATNIEJ MODYFIKACJI [,]
    • @
    • pole kontrolne
    • 20241231104116.0
020 -Międzynarod. znormalizowany nr książki - ISBN [ , ]
    • a
    • Numer ISBN
    • 3872910434 Find
040 -Instytucja sporządzająca opis [ , ]
    • a
    • Instytucja, która sporządziła opis (NP)
    • SZCZ U/MC
    • b
    • Język katalogowania
    • pol
    • e
    • Zasady katalogowania
    • rda
    • c
    • Instytucja, która sporządziła rekord (NP)
    • SZCZ U/MCs
942 -Rodzaj dokumentu [ , ]
    • c
    • Rodzaj dokumentu
    • Książka
100 -Hasło główne - nazwa osobowa [1, ]
    • a
    • Nazwa osobowa (NP)
    • Chamisso, Adelbert von
    • d
    • Daty biograficzne (NP)
    • (1781-1838).
    • e
    • Rodzaj współpracy
    • Autor
    • 9
    • KHW
    • 231923
240 -Tytuł ujednolicony [1,0]
    • a
    • Tytuł ujednolicony
    • Peter Schlemihls wundersame Geschichte
    • l
    • Język tekstu
    • (niem.)
    • 9
    • KHW
    • 402149
245 -Strefa tytułu i oznaczenia odpowiedzialności [1,0]
    • a
    • Tytuł
    • Peter Schlemihls wundersame Geschichte / Find
    • c
    • Pozostałe elementy strefy tytułu i oznaczenia odpowiedzialności (NP)
    • Adelbert von Chamisso ; Heftbearbeitung: F. Bruckner und K. Sternelle.
260 -Strefa adresu wydawniczego [ , ]
    • a
    • Miejsce wydania (P)
    • Husum/Nordsee :
    • b
    • Nazwa wydawcy (P)
    • Hamburger Lesehefte Verlag,
    • c
    • Data wydania (P)
    • [1984].
300 -Strefa opisu fizycznego [ , ]
    • a
    • Określenie formy książki i/lub objętość (NP)
    • 64 strony ;
    • c
    • Format (NP)
    • 20 cm.
336 -Typ zawartości [ , ]
    • a
    • Termin opisujący typ zawartości
    • Tekst
    • b
    • Kod określający zawartość
    • txt
    • 2
    • Źródło (terminu i kodu)
    • rdacontent
337 -Typ mediów [ , ]
    • a
    • Tryb odtwarzania
    • Bez urządzenia pośredniczącego
    • b
    • Kod typu mediów
    • n
    • 2
    • Źródło (terminu i kodu)
    • rdamedia
338 -Typ/rodzaj nośnika [ , ]
    • a
    • Hasło opisujące typ nośnika
    • Wolumin
    • b
    • Kod typu nośnika
    • nc
    • 2
    • Źródło (terminu i kodu)
    • rdacarrier
380 -Deskryptor - Forma dzieła (P) [ , ]
    • a
    • forma dzieła (NP)
    • Dramat (rodzaj)
490 -Strefa serii i książki wielotomowej - forma nie do wyszukiwania [1, ]
    • a
    • Tytuł (P)
    • Hamburger Leseheft ; Find
    • v
    • Numeracja (P)
    • H. 44
830 -Hasło dodatkowe serii i opisu książki wielotomowej - tytuł ujednolicony/tytuł [ ,0]
    • a
    • Tytuł ujednolicony/tytuł (NP)
    • Hamburger Leseheft
    • v
    • Oznaczenie tomu (NP)
    • H. 44
    • 9
    • KHW
    • 401732
500 -Uwaga ogólna [ , ]
    • a
    • Uwaga ogólna (NP)
    • Data wydania przejęta z KOBV Berlin-Brandenburg.
500 -Uwaga ogólna [ , ]
    • a
    • Uwaga ogólna (NP)
    • Ungekürzter Text.
080 -Uniwersalna Klasyfikacja Dziesiętna [ , ]
    • a
    • Symbol klasyfikacji
    • 830-311.9"18"=30
655 -Hasło w funkcji tematu formalnego [ ,7]
    • a
    • Hasło
    • Nowele fantastyczne niemieckie
    • y
    • Określnik chronologiczny
    • 19 w.
    • 2
    • Źródło terminu
    • kaba
    • 9
    • KHW
    • 402119
980 -Symbol UKD [ , ]
    • a
    • UKD
    • 830-311.9"18"=30
700 -Hasło dodatkowe - nazwa osobowa [1, ]
    • a
    • Nazwa osobowa (NP)
    • Bruckner, Ferdinand Find
    • d
    • Daty biograficzne (NP)
    • (1891-1958).
    • e
    • Określenie rodzaju współpracy
    • Redakcja
    • 9
    • KHW
    • 231039
700 -Hasło dodatkowe - nazwa osobowa [1, ]
    • a
    • Nazwa osobowa (NP)
    • Sternelle, Kurt. Find
    • e
    • Określenie rodzaju współpracy
    • Redakcja
    • 9
    • KHW
    • 418384
710 -Hasło dodatkowe - nazwa ciała zbiorowego [2, ]
    • a
    • Nazwa ciała zbiorowego lub nazwa geograficzna jako pierwszy element (NP)
    • Husum Druck- und Verlagsgesellschaft.
    • e
    • Rodzaj współpracy
    • Wydawca
    • 4
    • Kod relacji
    • pbl
    • 9
    • KHW
    • 401902
920 -ISBN [ , ]
    • a
    • ISBN
    • 3-87291-043-4 Find
Lokalizacja Data inwentaryzacji Numer inwentarzowy Status udost. Sygnatura
BM1997-01-01G.10660-3Germ. Opowiadania niemieckie
BM1997-01-01G.10661-3Germ. Opowiadania niemieckie
BM1997-01-01G.10662-3Germ. Opowiadania niemieckie
BM1997-01-01G.10663-3Germ. Opowiadania niemieckie
BM1997-01-01G.10664-3Germ. Opowiadania niemieckie